[Event "POL-ch U20 Girls"]
[Site "Konin"]
[Date "1990.??.??"]
[Round "4"]
[White "Lewandowska, Katarzyna"]
[Black "Pondo, Aneta"]
[Result "1-0"]
[WhiteElo "2085"]
[BlackElo "1975"]
[PlyCount "69"]
[EventDate "1990.??.??"]
[EventType "tourn"]
[EventRounds "9"]
[EventCountry "POL"]
[SourceTitle "EXT 1999"]
[Source "ChessBase"]
[SourceDate "1998.11.16"]
[SourceVersion "1"]
[SourceVersionDate "1998.11.16"]
[SourceQuality "1"]

1. d4 Nf6 2. c4 g6 3. Nf3 Bg7 4. Nc3 d5 5. Bg5 Ne4 6. cxd5 Nxc3 7. bxc3 Qxd5 8. e3 Bg4 9. Bh4 c5 10. Qa4+ Bd7 11. Qa3 Nc6 12. c4 Qh5 13. Be2 cxd4 14. exd4 Bxd4 15. Rb1 Qc5 16. Qc1 Qa5+ 17. Nd2 Rb8 18. 0-0 Qxa2 19. Bg3 e5 20. Rb3 0-0 21. Bf3 Qa5 22. Ne4 f5 23. Nd6 Qc7 24. Bd5+ Kg7 25. Nb5 Qb6 26. Nxd4 Qxd4 27. Rd1 Qc5 28. Rb5 Qe7 29. Bxc6 Bxc6 30. Bxe5+ Kg8 31. Bxb8 Rxb8 32. Re1 Qf7 33. Rbe5 Be4 34. f3 Qf6 35. Qc3 1-0

[Event "POL-ch U20 Girls"]
[Site "Konin"]
[Date "1990.??.??"]
[Round "2"]
[White "Pondo, Aneta"]
[Black "Bukowska, Katarzyna"]
[Result "0-1"]
[WhiteElo "1975"]
[BlackElo "2005"]
[PlyCount "160"]
[EventDate "1990.??.??"]
[EventType "tourn"]
[EventRounds "9"]
[EventCountry "POL"]
[SourceTitle "EXT 1999"]
[Source "ChessBase"]
[SourceDate "1998.11.16"]
[SourceVersion "1"]
[SourceVersionDate "1998.11.16"]
[SourceQuality "1"]

1. d4 d5 2. c4 e6 3. Nf3 Nf6 4. g3 Be7 5. Bg2 0-0 6. 0-0 b6 7. Qc2 Bb7 8. Ne5 Nbd7 9. cxd5 Nxe5 10. dxe5 Nxd5 11. Qe4 Rb8 12. Qg4 Kh8 13. a3 c5 14. e4 Nc7 15. Rd1 Qe8 16. Nc3 Qc6 17. Be3 Rfd8 18. Qh5 Qe8 19. Bg5 Bxg5 20. Qxg5 h6 21. Qf4 Kg8 22. Rd6 Qe7 23. Rad1 Ne8 24. R6d2 a6 25. Na4 Qc7 26. b3 Rbc8 27. Nb2 b5 28. Rxd8 Rxd8 29. Rxd8 Qxd8 30. Qe3 Qc7 31. Qc3 f6 32. f4 fxe5 33. fxe5 a5 34. Bh3 Qb6 35. Qe3 Qc6 36. a4 Nc7 37. axb5 Qxb5 38. Bf1 Qc6 39. Na4 Qxe4 40. Qxe4 Bxe4 41. Nxc5 Bd5 42. Kf2 Kf7 43. Ke3 Na8 44. Kd4 Nb6 45. Kc3 Ke7 46. Bb5 Kd8 47. Kd3 Ke7 48. Kd4 Kd8 49. Kc3 Ke7 50. Nd3 Be4 51. Nf4 Bd5 52. Nxd5+ Nxd5+ 53. Kd4 g5 54. Bc4 Nb4 55. Kc5 Nc2 56. Kb6 Nb4 57. Kxa5 Nc6+ 58. Kb6 Nxe5 59. Be2 Kd6 60. h3 Nc6 61. Bc4 e5 62. Bd3 Nb4 63. Be4 Nd5+ 64. Ka5 Nc3 65. Bg2 e4 66. Kb4 Nd5+ 67. Kc4 Ke5 68. Bh1 h5 69. h4 g4 70. b4 Nxb4 71. Kxb4 Kd4 72. Bg2 Kd3 73. Bf1+ Kd2 74. Kc4 e3 75. Kd4 e2 76. Bxe2 Kxe2 77. Ke4 Kf2 78. Kf4 Kg2 79. Kg5 Kxg3 80. Kxh5 Kh3 0-1

[Event "POL-ch U20 Girls"]
[Site "Konin"]
[Date "1990.??.??"]
[Round "9"]
[White "Pondo, Aneta"]
[Black "Lukasiewicz, Anna"]
[Result "0-1"]
[WhiteElo "1975"]
[BlackElo "2065"]
[PlyCount "80"]
[EventDate "1990.??.??"]
[EventType "tourn"]
[EventRounds "9"]
[EventCountry "POL"]
[SourceTitle "EXT 1999"]
[Source "ChessBase"]
[SourceDate "1998.11.16"]
[SourceVersion "1"]
[SourceVersionDate "1998.11.16"]
[SourceQuality "1"]

1. d4 Nf6 2. c4 g6 3. Nc3 Bg7 4. e4 d6 5. Nf3 0-0 6. Be2 e5 7. dxe5 dxe5 8. Qxd8 Rxd8 9. Bg5 c6 10. 0-0 Re8 11. b4 a5 12. b5 Nfd7 13. Be3 Nf8 14. Na4 Nbd7 15. b6 Ne6 16. c5 Nf6 17. Nd2 Nf4 18. Bd1 Be6 19. Nb2 Red8 20. f3 Nd3 21. Na4 Nd7 22. Bb3 Bxb3 23. Nxb3 Nb4 24. Rf2 Nf8 25. a3 Rd3 26. Rb2 Rxe3 27. axb4 axb4 28. Kf2 Bh6 29. Raa2 Kg7 30. Rb1 Ne6 31. Nc3 bxc3 32. Rxa8 c2 33. Rc1 Rxb3 34. Rxc2 Rb5 35. Rb8 Rxc5 36. Rxc5 Nxc5 37. Ke2 Bg5 38. Kd1 Be7 39. Re8 Kf6 40. g4 Ke6 0-1